مكتبة جامعة عجلون الوطنية

فهرس بحث المكتبة

حماية المنافسة ومنع الاحتكار في المنطقة العربية (Record no. 17687)

MARC details
000 -LEADER
fixed length control field 00757nam a2200205Ii 4500
003 - CONTROL NUMBER IDENTIFIER
control field JO-AjNU
008 - FIXED-LENGTH DATA ELEMENTS--GENERAL INFORMATION
fixed length control field 230605s9999||||xx |||||||||||||| ||und||
017 ## - COPYRIGHT OR LEGAL DEPOSIT NUMBER
Copyright or legal deposit number 2012/2027
040 ## - CATALOGING SOURCE
Original cataloging agency JO-AjNU
Language of cataloging ara
Description conventions rda
Transcribing agency JO-AjNU
041 ## - LANGUAGE CODE
Language code of text/sound track or separate title ara
050 14 - LIBRARY OF CONGRESS CALL NUMBER
Classification number K3856.2011
100 3# - MAIN ENTRY--PERSONAL NAME
Personal name اعداد جامعة الدول العربية ، الجامعة البريطانية في مصر ,
Relator term author
9 (RLIN) 34434
245 00 - TITLE STATEMENT
Title حماية المنافسة ومنع الاحتكار في المنطقة العربية
250 ## - EDITION STATEMENT
Edition statement (د،ط)
264 31 - PRODUCTION, PUBLICATION, DISTRIBUTION, MANUFACTURE, AND COPYRIGHT NOTICE
Place of production, publication, distribution, manufacture القاهرة : المنظمة العربية للتنمية الادارية ، 2011
300 ## - PHYSICAL DESCRIPTION
Extent 230ص
336 ## - CONTENT TYPE
Content type term text
Content type code txt
Source rdacontent
337 ## - MEDIA TYPE
Media type term unmediated
Media type code n
Source rdamedia
338 ## - CARRIER TYPE
Carrier type term volume
Carrier type code nc
Source rdacarrier
Holdings
Withdrawn status Lost status Source of classification or shelving scheme Damaged status Not for loan Home library Current library Shelving location Date acquired Total Checkouts Full call number Barcode Date last seen Price effective from Koha item type
    Library of Congress Classification     مكتبة جامعة عجلون الوطنية مكتبة جامعة عجلون الوطنية المجموعات العامة 06/06/2023   K3856.2011 A14119 06/06/2023 06/06/2023 Books